Qui suis-je? Manga édition - Statistiques

Statistiques générales
  • Ce quiz a été pris 112 fois
  • Le résultat moyen est 5 sur 10
Statistiques - réponses
Qui suis-je? Réponse % Correct
Héros de mon œuvre éponyme, je suis rejeté jusqu'à mon adolescence par mes pairs. Je suis habité par une force surnaturelle et terrifiante. Je fais l'idiot pour attirer l'attention, mais je souffre en silence. Mon rêve est d'être le chef de mon village. Je suis: Naruto Uzumaki
96%
Ecrit par une femme, je suis un manga culte des années 2000. Je possède 2 adaptations animées. Mes thèmes philosophiques et certains rapprochements avec des évènements réels ont marqué mes lecteurs. Je raconte l'histoire de 2 frères qui cherchent une pierre. Je suis: Fullmetal alchemist
70%
Créé en 1986, je suis toujours en cours de parution. Mon protagoniste change au fil des différentes parties, au nombre de 9 actuellement. Je suis un nid à meme et considéré de loufoque par certains, tandis que mes fans me vouent un amour inconditionnel. Je suis: Jojo's bizarre adventure
61%
Pervers et bourré de défauts, je cache une vraie profondeur. J'ai un passé de voyou, mais j'œuvre aujourd'hui à remettre la nouvelle génération dans le droit chemin. J'ai détesté l'école et mes profs donc j'en suis devenu un. J'ai 22 ans, célibataire, et libre comme l'air. Je suis: Eikichi Onizuka
60%
En cours de parution, je suis un manga de Gosho Aoyama étiré sur plus de 100 tomes. Je raconte des histoires de meurtres résolus par un ado ayant rajeuni. Mon intrigue principale n'avance que peu, et les antagonistes nommés "les hommes en noir" restent discrets. Je suis: Détective Conan
49%
Manga en cours de parution, je possède au moins 78 tomes. Seinen violent, je dépeins des guerres s'étant déroulé il y a plus de 2000 ans. Mon protagoniste rêve de devenir un grand général de guerre. Je raconte l'unification de la Chine par l'état de Qin. Je suis: Kingdom
48%
1er manga à succès de mon auteur, j'ai révolutionné un certain sport au Japon suite à ma publication. Mon protagoniste est un grand lycéen roux et bagarreur. Mon mangaka réalisera également le manga Vagabond, mais aussi un manga sur l'handi-basket. Je suis: Slam dunk
48%
Ayant survécu à un accident de chantier, je ne suis plus moi-même. J'ai perdu une partie de mon humanité. Tiraillé entre 2 mondes, je finis par sombrer dans la folie. Je perds ensuite temporairement la mémoire, et je finis par résoudre ce conflit entre hommes et ghouls. Je suis: Ken Kaneki
43%
Je suis un tyran intergalactique. Fort, avide d'immortalité, je contrôle une puissante flotte. J'ai annihilé nombre de planètes et de peuples, notamment une race de guerriers envers laquelle je voue une haine. Je possède plusieurs formes, pourtant je suis mort plusieurs fois. Je suis: Freezer
39%
Evoluant dans un univers dark-fantasy, je suis un homme charismatique. D'abord du côté du protagoniste, je finis par trahir tous mes camarades. J'embrasse les ténèbres et commet le pire des péchés, et ce, devant mon meilleur ami. Je deviens un dieu et un démon. Je suis: Griffith
34%
Aucun quiz correspondant
Distribution des résultats
% des personnes avec chaque résultat
Percentile par nombre de réponses
Votre historique - résultats
Vous n’avez pas pris ce quiz